000 01330 a2200241 4500
005 20260330122509.0
008 260330b |||||||| |||| 00| 0 eng d
020 _a9789395404105 (hbk)
037 _cTB
040 _aAL
_cAL
041 _2hin
_ahin
084 _aO152,6(Y15)x R6
_qAL
245 _aस्वाधीनता - संग्राम, हिन्दी प्रेस और स्त्री का वैकल्पिक क्षेत्र
260 _aनई दिल्ली, भारत:
_bअनामिका पब्लिशर्स एण्ड डिस्ट्रीब्यूटर्स (प्रा.) लिमिटेड,
_c2026.
300 _a516पृ.
365 _b1500.00
_cINR
650 _aहिन्दी निबंध
650 _aहिन्दी साहित्य
700 _aचतुर्वेदी, जगदीश्वर
_eसम्पादक
700 _aसिंह, सुधा
_eसम्पादक
942 _cTB
_2CC
_hO152,6(Y15)x R6
999 _c1467073
_d1467073